| 000 | 00723nam a2200241 a 4500 | ||
|---|---|---|---|
| 001 | 55530 | ||
| 003 | BD-RjUL | ||
| 005 | 20211209080258.0 | ||
| 008 | 161119s1957 nyua b 001 0 eng | ||
| 035 | _a(BD-RjUL)55653 | ||
| 040 |
_aDLC/ICU _cICU _dDLC _dBD-RjUL _beng |
||
| 041 | _aeng | ||
| 082 | 0 | 0 |
_a572.6 _223 _bFOI 1957 |
| 100 | 1 |
_aFox, Sidney W. _9165401 |
|
| 245 | 1 | 0 |
_aIntroduction to protein chemistry / _c[by] Sidney W. Fox and Joseph F. Foster. |
| 260 |
_aNew York : _bWiley _cc1957 |
||
| 300 |
_a459 p : _bill. ; _c24 cm. |
||
| 504 | _aIncludes bibliography and index | ||
| 650 | 0 |
_aProteins. _9165402 |
|
| 700 | 1 |
_aFoster, Joseph F., _ejoint author. _9165403 |
|
| 740 | 0 | _aProtein chemistry. | |
| 942 |
_2ddc _cBK |
||
| 999 |
_c55530 _d55530 |
||